Best Song Ever - One Direction (All Lyrics) - Statistics

General Stats
  • This quiz has been taken 314 times
  • The average score is 338 of 383
Answer Stats
Lyrics % Correct
a
99%
the
99%
best
98%
ever
98%
I
98%
i
98%
(i
98%
song
98%
to
98%
night
97%
we
97%
(we
97%
all
96%
and
96%
it
95%
(it
95%
danced
93%
danced)
93%
you
92%
"can
91%
she
89%
every
88%
know
88%
know,
88%
but
87%
her
87%
how
87%
in
87%
me?"
87%
me
87%
can't
86%
oh,
86%
oh
86%
(oh)
86%
remember
86%
said
86%
that
86%
your
86%
goes
85%
goes,
85%
like
85%
"never
85%
was
85%
it's
84%
yeah,
84%
yeah
84%
won't
83%
dreams"
82%
forget
82%
my
82%
now
82%
knew
81%
wildest
81%
heart
80%
line,
80%
line
80%
maybe
80%
mouth
80%
mouth)
80%
way
80%
dirty
79%
daddy
78%
take
78%
had
77%
straight
77%
with
77%
dentist
76%
kissed
76%
'cause
75%
give
75%
name
75%
stole
75%
walked
75%
home
74%
back
73%
georgia
73%
into
73%
rose
73%
went
73%
got
72%
meant
72%
(ow)
72%
ow!)
72%
think
72%
already
69%
through
69%
i'll
67%
(one,
67%
one,
67%
guards
66%
just
66%
you'll
66%
three,
65%
two,
65%
owned
62%
doors
60%
past
59%
hope
53%
this)
42%
something
31%
No matching quizzes found
Score Distribution
Percent of People with Each Score
Percentile by Number Answered
Your Score History
You have not taken this quiz